00938nam a2200289 u 450000100070000000500170000700800410002403500110006504000130007604100080008908000070009710000430010424500530014726000230020030000140022350000240023765000390026165000230030070000410032370000460036470000550041094200100046599900170047550200120049252600080050495201360051219459920260506080154.0980603s1983 ||||||m| spa  a194599 ccomduadb aspa aWA10aCuellar Solano, Juan4auteaut928095010aSanidad portuaria : un modelo para su aplicacion aMedellín,c1983. a197 hojas aDonacion : autores. aSaneamiento en construcción9244 aAeropuertos93521310aDiaz Uruena, Jairo4auteaut928095110aEspinosa Puello, Rafael4auteaut928095210aOsorio Martínez, Jorge Alberto4thseths9494806 cTESIS c83571d83571 b291c20 a293 001040708SEMIACTIV2aBSPbBSPd1998-06-03iC267429l0oWA670 C8-83 e1p61000000739165r2023-04-22 00:00:00t1w2023-04-22yTESIS